书目信息 |
| 题名: |
大陆和海洋的形成
|
|
| 作者: | 魏根纳 著 | |
| 分册: | ||
| 出版信息: | 北京 商务印书馆 1986.05 |
|
| 页数: | 411页 | |
| 开本: | 32开 | |
| 丛书名: | ||
| 单 册: | ||
| 中图分类: | P311.2 | |
| 科图分类: | ||
| 主题词: | 岩石--物理学 , 固体地球物理学 | |
| 电子资源: | ||
| ISBN: | 7-100-02409-9 | |
| 000 | 00585nam0 2200205 45 | |
| 001 | 0009160888 | |
| 005 | 20000916084243.4 | |
| 010 | @a7-100-02409-9@d15.90元 | |
| 100 | @a20000916d1986 km y0chiy0120 ea | |
| 101 | 0 | @achi |
| 105 | @a z 000yy | |
| 200 | 1 | @a大陆和海洋的形成@ADa Lu He Hai Yang De Xing Cheng@f(德)魏根纳著@F(De)Wei Gen Na Zhu |
| 210 | @a北京@c商务印书馆@d1986.05 | |
| 215 | @a411页@d32开 | |
| 606 | 0 | @a岩石@x物理学 |
| 606 | 0 | @a固体地球物理学 |
| 690 | @aP311.2@v3 | |
| 701 | 0 | @a魏根纳@4著 |
| 801 | @aCN@bPftUser@c20000916 | |
| 905 | @b144886-888@dP311.2@eW553@f3 | |
| 大陆和海洋的形成/(德)魏根纳著.-北京:商务印书馆,1986.05 |
| 411页;32开 |
| ISBN 7-100-02409-9:15.90元 |
| ● |
| 相关链接 |
|
|
|
正题名:大陆和海洋的形成
索取号:P311.2/W553
 
预约/预借
| 序号 | 登录号 | 条形码 | 馆藏地/架位号 | 状态 | 备注 |
| 1 | 144886 | 201448861 | 自科库401/401自科库 126排1列1层/ [索取号:P311.2/W553] | 在馆 | |
| 2 | 144887 | 201448870 | 社科二线400B/400B社科库 5排4列5层/ [索取号:P311.2/W553] | 在馆 | |
| 3 | 144888 | 201448889 | 期刊室512/401自科库 119排2列1层/ [索取号:P311.2/W553] | 在馆 |